00402nam a2200121Ia 4500008004000000020001600040082001600056100004700072245005400119260003100173300001300204650006300217210210b2000 xxu||||| |||| 00| 0 eng d a0 19 963632 a574.88 HERP aHERRINGTON (C Simon) and O'LEARY (John J). aPCR 3 in situ hybridization a practical approach. aNew York.bIRL Pressc2000 axiii,204 aPCR situ hybridization ISH Crlular localization DNA RNA